| 000 | 01334nam0a22002651 4500 | ||
|---|---|---|---|
| 001 | rc\2747011 | ||
| 005 | 20260407081648.0 | ||
| 035 | _a(NLR Aleph) 006874056 | ||
| 090 |
_a6978072 _c6978072 |
||
| 100 | _a20110915d1939 |||y0rusy50 ca | ||
| 101 | 0 | _arus | |
| 102 | _aRU | ||
| 105 | _aa z ||||| | ||
| 200 | 1 |
_aМетодика лабораторно-полевых испытаний тракторов и тракторных агрегатов _fСоставители: науч. сотрудники ВИМЭ И. И. Бойко, Н. К. Цаголов _gВсес. н.-и. ин-т механизации и электрификации сел. хоз-ва (ВИМЭ) Лаборатория эксплоатации тракторов |
|
| 210 |
_aМосква _cБ. и. _d1939 |
||
| 215 |
_a76 с. _cил., черт., граф. _d23 см. |
||
| 300 | _aНа 4-й с. указаны составители: науч. сотрудники ВИМЭ И. И. Бойко и Н. К. Цаголов | ||
| 702 | 1 |
_aЦаголов _bН.К. _4220 |
|
| 702 | 1 |
_aБойко _bИ.И. _gИван Иванович _4220 |
|
| 712 | 0 | 2 |
_aВНИИ механизации сельского хозяйства _9286494 _3RU\NLR\AUTH\887215 |
| 801 | 0 |
_aRU _bNLR _gpsbo |
|
| 801 | 1 |
_aRU _bELAR _2rusmarc |
|
| 852 |
_aNLR _j39-11/931 |
||
| 942 | _cBOOK | ||
| 980 | _aNB | ||